5HLuxD.jpg

KING HENRY VIII SENIOR AND PRIMARY SCHOOL LIBRARY OPAC

The secret of the bloodred key / (Record no. 5909)

000 -LEADER
fixed length control field 01659cam a22004458i 4500
001 - CONTROL NUMBER
control field 24051147
003 - CONTROL NUMBER IDENTIFIER
control field OSt
005 - DATE AND TIME OF LATEST TRANSACTION
control field 20251127112918.0
008 - FIXED-LENGTH DATA ELEMENTS--GENERAL INFORMATION
fixed length control field 250305t20252023nyu c 000 1 eng
010 ## - LIBRARY OF CONGRESS CONTROL NUMBER
LC control number 2025001322
020 ## - INTERNATIONAL STANDARD BOOK NUMBER
International Standard Book Number 9781665922616
Qualifying information (paperback)
035 ## - SYSTEM CONTROL NUMBER
System control number 24051147
040 ## - CATALOGING SOURCE
Original cataloging agency DLC
Language of cataloging eng
Description conventions rda
Transcribing agency DLC
Modifying agency KH8
042 ## - AUTHENTICATION CODE
Authentication code pcc
-- cyac
082 ## - DEWEY DECIMAL CLASSIFICATION NUMBER
Classification number FIC FAR
100 1# - MAIN ENTRY--PERSONAL NAME
Personal name Farr, David,
Dates associated with a name 1969-
Relator term author.
245 14 - TITLE STATEMENT
Title The secret of the bloodred key /
Statement of responsibility, etc. David Farr ; illustrated by Kristina Kister.
246 3# - VARYING FORM OF TITLE
Title proper/short title Secret of the blood red key
250 ## - EDITION STATEMENT
Edition statement First Simon & Schuster Books for Young Readers paperback edition.
264 #1 - PRODUCTION, PUBLICATION, DISTRIBUTION, MANUFACTURE, AND COPYRIGHT NOTICE
Place of production, publication, distribution, manufacture New York :
Name of producer, publisher, distributor, manufacturer Simon & Schuster Books for Young Readers,
Date of production, publication, distribution, manufacture, or copyright notice 2025.
264 #4 - PRODUCTION, PUBLICATION, DISTRIBUTION, MANUFACTURE, AND COPYRIGHT NOTICE
Date of production, publication, distribution, manufacture, or copyright notice ©2023
300 ## - PHYSICAL DESCRIPTION
Extent 328 pages :
Dimensions 20 cm.
336 ## - CONTENT TYPE
Content type term text
Content type code txt
Source rdacontent
336 ## - CONTENT TYPE
Content type term still image
Content type code sti
Source rdacontent
337 ## - MEDIA TYPE
Media type term unmediated
Media type code n
Source rdamedia
338 ## - CARRIER TYPE
Carrier type term volume
Carrier type code nc
Source rdacarrier
385 ## - AUDIENCE CHARACTERISTICS
Demographic group code age
Audience term Preteens
Authority record control number or standard number (DLC)dg2015060394
Source lcdgt
490 0# - SERIES STATEMENT
Series statement The stolen dreams adventures ;
Volume/sequential designation 2
500 ## - GENERAL NOTE
General note "Originally published in Great Britain in 2023 by Usborne Publishing, Ltd."
520 ## - SUMMARY, ETC.
Summary, etc. As a Keeper of the Key, twelve-year-old Rachel must use her key to the Hinterland to rescue a young girl who is illegally smuggled into the land of the dead.
521 ## - TARGET AUDIENCE NOTE
Target audience note Ages 8-12.
Source Simon & Schuster Books for Young Readers.
650 #1 - SUBJECT ADDED ENTRY--TOPICAL TERM
Topical term or geographic name entry element Fantasy.
650 #1 - SUBJECT ADDED ENTRY--TOPICAL TERM
Topical term or geographic name entry element Voyages to the otherworld
Form subdivision Fiction.
650 #1 - SUBJECT ADDED ENTRY--TOPICAL TERM
Topical term or geographic name entry element Locks and keys
Form subdivision Fiction.
650 #1 - SUBJECT ADDED ENTRY--TOPICAL TERM
Topical term or geographic name entry element Magic
Form subdivision Fiction.
655 #7 - INDEX TERM--GENRE/FORM
Genre/form data or focus term Fantasy fiction.
Source of term lcgft
655 #7 - INDEX TERM--GENRE/FORM
Genre/form data or focus term Novels.
Source of term lcgft
700 1# - ADDED ENTRY--PERSONAL NAME
Personal name Kister, Kristina,
Relator term illustrator.
942 ## - ADDED ENTRY ELEMENTS (KOHA)
Source of classification or shelving scheme
Koha item type Books - Fiction
Holdings
Withdrawn status Lost status Source of classification or shelving scheme Damaged status Not for loan Collection code Permanent Location Current Location Shelving location Date acquired Total Checkouts Full call number Barcode Date last seen Date last checked out Price effective from Koha item type
          Fiction KH8 Senior School Library KH8 Senior School Library Fiction 2025-11-27 1 FIC FAR 3KHSL000102553 2026-02-03 2026-01-16 2025-11-27 Books - Fiction

Powered By KH8 IT Dept